00575cam a2200169 a 4500020002600000040000800026082002600034100001900060245003700079260006400116300003400180650002600214650002400240700002300264856006300287856005500350 a0521551447 (hardback) cDLC00a519 CAM 1997 A109 Or.1 aKantz, Holger,10aNonlinear time series analysis / aCambridge ;aNew York :bCambridge University Press,c1997. axvi, 304 p. :bill. ;c26 cm. 0aTime-series analysis. 0aNonlinear theories.1 aSchreiber, Thomas,42uhttp://www.loc.gov/catdir/description/cam028/96037159.html41uhttp://www.loc.gov/catdir/toc/cam021/96037159.html